01366nam a2200349 a 4500001001000000003000500010005001700015008004100032010001100073011001100084040000900095090001000104100004600114245014600160260004100306500006000347502007900407590004100486590004000527590004000567590004000607650003000647650003400677650003000711650003200741856007000773901000700843942001000850942000600860999001900866952013100885000114989CHAP20220329144507.0180824s2017 mx a |sm |||||||spa d a111450 a112422 cCHAP aTesis1 aMuñoz Caballero, Blanca Alicia.913538110aSelección de mutantes de soya para consumo humano ciclo agrícola de 110 días (R2M4)h[En línea]cpor Blanca Alicia Muñoz Caballero. aChapingo, Méx. :bEl autor,c2017. aPara ver el contenido del material haga clic en la liga aTesis (Ing. Agr. ) -- Colegio Superior Agropecuario del Estado de Guerrero aBATCH-UPDb05c20180824lUCH01h1331 aE6339RRRb05c20180824lUCH01h1330 aE6339RRRb05c20180824lUCH01h1337 aE6339RRRb05c20180824lUCH01h133814aFechas de siembra.93990414aMutación en plantas.97990714aSoyaxGenética.910905414aSoyaxMejoramiento.9109069 aFinding aiduhttp://10.13.5.2/tesis/sist114989.pdfzTeclea aquí aBK cTESIS n0 c111450d111450 00104054718TESISaBCbBCd2018-08-24fTESISl0otESISp115000-10r2019-12-31 00:00:00w2019-12-31yTESISzRecien adquirido